<?xml version="1.0" encoding="UTF-8"?>
<collection xmlns="http://www.loc.gov/MARC21/slim">
 <record>
  <leader>01596nam a2200205Ia 4500</leader>
  <controlfield tag="001">TDMU_30147</controlfield>
  <controlfield tag="008">210410s9999    xx            000 0 und d</controlfield>
  <datafield tag="082" ind1=" " ind2=" ">
   <subfield code="a">959.7043</subfield>
  </datafield>
  <datafield tag="090" ind1=" " ind2=" ">
   <subfield code="b">B510</subfield>
  </datafield>
  <datafield tag="100" ind1=" " ind2=" ">
   <subfield code="a">Bùi, Đình Thanh</subfield>
  </datafield>
  <datafield tag="245" ind1=" " ind2="0">
   <subfield code="a">Bản lĩnh Việt Nam qua hai cuộc kháng chiến chống thực dân Pháp và đế quốc Mỹ</subfield>
  </datafield>
  <datafield tag="245" ind1=" " ind2="0">
   <subfield code="c">Bùi Đình Thanh</subfield>
  </datafield>
  <datafield tag="260" ind1=" " ind2=" ">
   <subfield code="a">H.</subfield>
  </datafield>
  <datafield tag="260" ind1=" " ind2=" ">
   <subfield code="b">Quân đội nhân dân</subfield>
  </datafield>
  <datafield tag="260" ind1=" " ind2=" ">
   <subfield code="c">2016</subfield>
  </datafield>
  <datafield tag="300" ind1=" " ind2=" ">
   <subfield code="a">300tr.</subfield>
  </datafield>
  <datafield tag="520" ind1=" " ind2=" ">
   <subfield code="a">Tập hợp các bài nghiên cứu của tác giả về hai cuộc kháng chiến chống Pháp và chống Mỹ của nhân dân ta dưới sự lãnh đạo của Đảng Cộng sản Việt Nam. Các bài viết đi sâu nghiên cứu các mốc chính trong hai cuộc kháng chiến: từ Cách mạng tháng Tám năm 1945, đến chiến thắng Điện Biên Phủ; rồi đến Hiệp định Genève năm 1954; Từ những ngày đầu kháng chiến chống đế quốc Mỹ xâm lược đến chiến dịch Hồ Chí Minh lịch sử thống nhất đất nước, non sông thu về một mối.</subfield>
  </datafield>
  <datafield tag="650" ind1=" " ind2=" ">
   <subfield code="a">Lịch sử</subfield>
   <subfield code="x">Kháng chiến chống Pháp</subfield>
   <subfield code="x">Kháng chiến chống Mỹ</subfield>
   <subfield code="z">Việt Nam; Lịch sử Việt Nam</subfield>
   <subfield code="x">Kháng chiến chống Pháp</subfield>
   <subfield code="x">Kháng chiến chống Mỹ</subfield>
  </datafield>
  <datafield tag="856" ind1=" " ind2=" ">
   <subfield code="u">http://lrc.tdmu.edu.vn/opac/search/detail.asp?aID=2&amp;ID=30147</subfield>
  </datafield>
  <datafield tag="980" ind1=" " ind2=" ">
   <subfield code="a">Trung tâm Học liệu Trường Đại học Thủ Dầu Một</subfield>
  </datafield>
 </record>
</collection>
